Pháp lệnh hợp đồng lao động và nghị định của hội đồng bộ trưởng quy định chi tiết thi hành pháp lệnh hợp đồng lao động

保存先:
書誌詳細
フォーマット: 図書
言語:Undetermined
タグ: タグ追加
タグなし, このレコードへの初めてのタグを付けませんか!
Thư viện lưu trữ: Trung tâm Học liệu Trường Đại học Cần Thơ
LEADER 00441nam a2200097Ia 4500
001 CTU_77289
008 210402s9999 xx 000 0 und d
082 |a 350.83 
082 |b Ph109 
245 0 |a Pháp lệnh hợp đồng lao động và nghị định của hội đồng bộ trưởng quy định chi tiết thi hành pháp lệnh hợp đồng lao động 
980 |a Trung tâm Học liệu Trường Đại học Cần Thơ